Suomalaista rikoshistoriaa - Statistics

Yleistilastot
  • Tätä visaa on pelattu 73 kertaa
  • Keskiarvotulos 5 / 48
Vastaustilastot
Paikka Vuosi Tapaus % Oikein
Ulvila 2006 Jukka S. Lahti
60%
Isojoki 1953 Kyllikki Saari
53%
Helsinki Valtioneuvoston linna 1904 Bobrikovin murha
33%
Kokemäki 1960 Kokemäen uunisurma
30%
Kirkkonummi 1990 Kirkkonummen kolmoissurma
17%
Kauhajoki 2008 Kauhajoen koulusurmat
15%
Mikkeli 1986 Mikkelin panttivankidraama
15%
Tampere 1999 Raisa Räisänen
15%
Heinävesi 1959 Tulilahden kaksoismurha
15%
Helsinki Etu-Töölö 1922 Heikki Ritavuori
13%
Helsinki Myllypuro 1989 Jammu-setä
13%
Eura 1996 - 1999 Euran Daltonit
12%
Loppi 2001 Heinojen murhat
12%
Ivalo 2006 Antti Hanhivaara
10%
Pohjanmaa 1991 & 1994 Pia-surmat
10%
Järvenpää 1991 - 1993 Hausjärven hiekkakuoppasurmat
8%
Inkoo & Helsinki 1971 Liftarimurhat
8%
Pihtipudas 1969 Pihtiputaan poliisisurmat
8%
Espoo 1960 Bodominjärven kolmoismurha
7%
Imatra 2000 Eveliina Lappalainen
7%
Huittinen 1943 Kirves-Koljonen
7%
Oulu - Helsinki 1978 Oulun lentokonekaappaus
7%
Itämeri 1987 Viking Sallyn murha
7%
Kemi 1955 Elli Immo
5%
Imatra 2016 Imatran kolmoissurma
5%
Heinävesi 1930 Onni Happonen
5%
Helsinki 1991 Punavuoren kaksoissurma
5%
Seinäjoki 2015 Seinäjoen teinisurma
5%
Helsinki Vuosaari 2003 Vuosaaren palkkamurha
5%
Ilmajoki 2001 Erakkosurma
3%
Helsinki 1976 - 1981 Helsingin kellarisurmat
3%
Asikkala 1995 Liisa Mäkikangas
3%
Helsinki 1999 - 2008 Lokapojat
3%
Kotka 1995 Lusu Ahlqvist
3%
Helsinki Kumpula 1963 Pirkko Ryhänen
3%
Tammela 1987 Sari Liinaharja
3%
Turku 1963 Sirkka-Liisa Waljus
3%
Tampere 2014 Tesoman henkirikos
3%
Helsinki 1980 - 1988 Hammasmurhaaja
2%
Helsinki 1997 Helsingin poliisimurhat
2%
Turku 1994 Ilpo Härmäläinen
2%
Helsinki Kamppi 2002 Kampin autopommimurha
2%
Rovaniemi 1989 Kukkapenkkisurma
2%
Kuopio 1964 & 1965 Kuopion nailonsukkamurhat
2%
Hyvinkää 1972 Kytäjän kolmoissurma
2%
Vantaa 1994 Mohammed Addo
2%
Kangasala 1993 Raija Juutila
2%
Kurikka 1997 Zorro-murha
2%
Ehtoja vastaavia visoja ei löytynyt
Tulosjakauma
Jokaisen tuloksen saaneiden osuus
Persentiili vastausten määrän mukaan
Tuloshistoriasi
Et ole pelannut tätä visaa